Word Chain - Countries #1 - Statistics

General Stats
  • This quiz has been taken 916 times
  • The average score is 15 of 20
Answer Stats
Clue Country % Correct
Holland. Netherlands
96%
The Land Down Under. Australia
95%
Shares Mt. Everest with China. Nepal
95%
Famous for its fjords. Norway
94%
The second-largest in the Arabian Peninsula. Yemen
92%
The Star of David. Israel
91%
The oldest neutral country. Switzerland
91%
Borders Armenia, Russia, Georgia, Turkey and Iran. Azerbaijan
86%
Founded by former slaves. Liberia
84%
Burj Khalifa. United Arab Emirates
82%
The smallest in Benelux. Luxembourg
80%
Its capital city is Bissau. Guinea-Bissau
78%
Landlocked indochina country. Laos
74%
Only neighbour of the Gambia. Senegal
70%
Graveyard of empires. Afghanistan
64%
Dalmatia. Croatia
54%
Has the saltiest lake outside of Antarctica. Djibouti
53%
Named after Biblical king. Solomon Islands
52%
The Savior. El Salvador
46%
Portuguese for Lioness Mountains. Sierra Leone
36%
No matching quizzes found
Score Distribution
Percent of People with Each Score
Percentile by Number Answered
Your Score History
You have not taken this quiz